| 000 | 00642nam a22002057a 4500 | ||
|---|---|---|---|
| 999 |
_c11523 _d11523 |
||
| 003 | AR-CdUCM | ||
| 008 | 190404b ||||| |||| 00| 0 spa d | ||
| 040 |
_aMUNICIPALIDAD PROVINCIAL DEL CUSCO _cBIBLIOTECA MUNICIPAL DEL CUSCO |
||
| 082 |
_aEP / 372.460 / _bL35 |
||
| 110 |
_aAsociación Editorial Bruño _926974 |
||
| 245 |
_aLecturas Integradas 4 : _bCuarto Grado / |
||
| 260 |
_aLima : _bBruño.. |
||
| 300 |
_a145 páginas ; _bIlustraciones _c28cm |
||
| 500 | _aEducación primaria 4to | ||
| 505 | _aContenido: Lecturas | ||
| 650 |
_aLecturas _96094 |
||
| 650 |
_aEducación primaria _91561 |
||
| 942 |
_2ddc _cLIBROS |
||
| 945 | _anom | ||